Storia di S. Caterina da Siena e dei suoi campagni

Spremljeno u:
Bibliografski detalji
Glavni autor: Drane, Augusta teodosia (Autor)
Format: Knjiga
Jezik:talijanski
Izdano: Siena Tipografia S. Caterina 1911
Teme:
Oznake: Dodaj oznaku
Bez oznaka, Budi prvi tko označuje ovaj zapis!

MARC

LEADER 00000nam a2200000 a 4500
001 UCI4839
003 CL-VaPUC
008 080307e19110000IT |||||||||||||||||ita|d
082 0 4 |a 922.22  |b DRA  |2 21 
100 0 |a Drane, Augusta teodosia  |e author  |9 526891 
245 1 0 |a Storia di S. Caterina da Siena e dei suoi campagni 
300 |a 841 p 
942 |c BK 
945 |d 20080307 00:00:00  |a rbrito 
260 |a Siena  |b Tipografia S. Caterina  |c 1911 
500 |a Donación padres capuchinos 
600 0 7 |a SANTA CATALINA DE SIENA  |2 CL-VaPUC  |9 267294 
650 0 |a Biografías  |9 255210 
650 7 |a SANTO  |2 CL-VaPUC  |9 526878 
650 0 |a Vida religiosa  |9 257284 
583 |a last modification  |c 20080307 00:00:00  |k Rodrigo Vera 
999 |c 328686  |d 328684 
952 |0 0  |1 0  |4 0  |6 922_220000000000000_DRA_1911  |7 0  |8 X  |9 412757  |a FDOBUD  |b FDOBUD  |d 2019-11-22  |i 4408896  |o 922.22 DRA 1911  |p 4408896  |r 2019-11-22  |w 2019-11-22  |y BK_X  |k BUD